Organisational behavoiur (Record no. 3015)
[ view plain ]
| 000 -LEADER | |
|---|---|
| fixed length control field | 01036nam a2200157 4500 |
| 020 ## - INTERNATIONAL STANDARD BOOK NUMBER | |
| ISBN | 9780073255620 |
| 050 ## - CALL NUMBER | |
| Classification number | HD58.7 |
| Item number | .M42 |
| 100 ## - AUTHOR | |
| Personal name | Mcshane,Steven L. |
| 245 ## - TITLE | |
| Title | Organisational behavoiur |
| Remainder of title | [essentials] |
| 260 ## - PUBLICATION INFORMATION | |
| Place of publication | New York: |
| Name of publisher | McGraw-Hill/Irwin |
| Year of publication | 2007. |
| 300 ## - DESCRIPTION | |
| Number of Pages | xv,365p. |
| Other physical details | ill: |
| Dimensions | 25 cm. |
| 500 ## - NOTES | |
| General note | Includes index. |
| 505 ## - FORMATTED CONTENTS NOTE | |
| Table of Content | Chapter 1. Introduction to organizational behaviour<br/>Chapter 2. Individual behaviour, values, and personality<br/>Chapter 3. Perceptions and learning in organizations<br/>Chapter 4. Work[lace emotions, attitudes, and practices<br/>Chapter 5. Employee motivation: foundations and practices<br/>Chapter 6. Individual decision making<br/>Chapter 7. Team dynamics<br/>Chapter 8. Communicating in teams and organizations<br/>Chapter 9. Power and influence in the workplace<br/>Chapter 10. conflict management<br/>Chapter 11. Leadership in organizational settings<br/>Chapter 12. Organizational structure<br/>Chapter 13. Organizational culture<br/>Chapter 14. Organizational change |
| 700 ## - OTHER AUTHORS | |
| Personal name | Glinow Von, Ann Mary |
| 942 ## - ADDED ENTRY ELEMENTS (KOHA) | |
| Koha item type | Books |
| Withdrawn status | Lost status | Home library | Current library | Shelving location | Date acquired | Full call number | Accession Number | Koha item type |
|---|---|---|---|---|---|---|---|---|
| Methodist University Library Tema | Methodist University Library Tema | General Stacks | 01/07/2014 | HD58.7 .M42 | 39911 | Books |